000 00714nam a2200241 4500
001 9562
010 _a9973-757-04-1
010 _a9973-757-38-6
090 _a9562
099 _tLIVR
100 _a20260318d u||y0frey5050 ba
101 _afre
102 _aTN
200 _aAstarim
_bLIVR
_eTrois poèmes d'anti-naissance
_fRené Passeron
210 _aTunis
_cl'Or du Temps
_d1997
215 _a67 p.
_ccouv.coul.ill.
_d21x14
225 _aMirage
600 _aPasseron
_bRené
_xPeintre français
_xPeinture française
_926333
606 _aPoèmes et Illustrations
_yTunisie
_926334
676 _a841 PAS
700 _4070
_4440
_aPasseron
_bRené
_926335
801 _aTN
_b32BIS
_c20260318
_gUNIMARC
830 _aABA